| 000 | 00573nam a22001817a 4500 | ||
|---|---|---|---|
| 005 | 20251108165502.0 | ||
| 008 | 250721s1961 xx 000 0 ara d | ||
| 082 | 1 | 4 | _aم/217.5/سيو |
| 100 | 1 | _aالسيوطي، الشيخ مصطفى بن سعد | |
| 245 | 1 | 0 | _aمطالب أولى النهي في شرح غاية المنتهي / |
| 264 | 1 |
_aدمشق : _bالمكتب الإسلامي، _c1961. |
|
| 300 | _a6ج | ||
| 650 | 1 | 7 | _aالإسلام |
| 650 | 1 | 7 | _aالفقه الإسلامي |
| 650 | 1 | 7 | _aالفقه الحنبلي |
| 942 |
_2ddc _cREF |
||
| 999 |
_c29041 _d29041 |
||